MARC

LEADER 00000nam0a2200000 4500
001 257227
005 20231031215812.0
035 |a (RuTPU)RU\TPU\book\280004 
090 |a 257227 
100 |a 20140415d1982 k y0rusy50 ca 
101 0 |a rus 
102 |a RU 
105 |a a z 001zy 
200 1 |a Жидкие топлива и масла в энергетике.  |e сборник научных трудов  |f Всесоюзный теплотехнический научно-исследовательский институт им. Ф. Э. Дзержинского (ВТИ) ; под ред. К. И. Иванова 
210 |a Москва  |c Энергоиздат  |d 1982 
215 |a 110 с.  |c ил. 
320 |a Библиогр. в конце ст. 
606 1 |a Жидкое топливо   |x Сжигание  |2 stltpush  |3 (RuTPU)RU\TPU\subj\10866 
610 1 |a масла 
610 1 |a использование 
610 1 |a энергетика 
610 1 |a топочные устройства 
610 1 |a золовые отложения 
610 1 |a воздух 
610 1 |a загрязнение 
610 1 |a газовые турбины 
675 |a 621.182.2  |v 3 
702 1 |a Иванов  |b К. И.  |4 340 
712 0 2 |a Всесоюзный теплотехнический научно-исследовательский институт им. Ф. Э. Дзержинского (ВТИ)  |c (Москва)  |c (1943-1991)  |2 stltpush  |3 (RuTPU)RU\TPU\col\3001 
801 1 |a RU  |b 63413507  |c 20140415 
801 2 |a RU  |b 63413507  |c 20150624  |g RCR 
942 |c BK